Central Library OPAC University of Rajshahi

USSR : (Record no. 25137)

MARC details
000 -LEADER
fixed length control field 00758cam a2200253 4500
001 - CONTROL NUMBER
control field 25137
003 - CONTROL NUMBER IDENTIFIER
rucl marc code BD-RjUL
005 - DATE AND TIME OF LATEST TRANSACTION
control field 20211209050833.0
008 - FIXED-LENGTH DATA ELEMENTS--GENERAL INFORMATION
fixed length control field 140316s19671917ru 000 0 eng
035 ## - SYSTEM CONTROL NUMBER
System control number (BD-RjUL)25206
040 ## - CATALOGING SOURCE
Original cataloging agency DLC
Transcribing agency DLC
Modifying agency DLC
Language of cataloging eng
041 ## - LANGUAGE CODE
Language code of text/sound track or separate title eng
082 00 - DEWEY DECIMAL CLASSIFICATION NUMBER
Classification number 914.7003
Author mark and year USS 1967
110 2# - MAIN ENTRY--CORPORATE NAME
Corporate name or jurisdiction name as entry element Agentstvo pechati "Novosti."
9 (RLIN) 15193
245 10 - TITLE STATEMENT
Title USSR :
Statement of responsibility, etc. [Compiled and edited by: I. Agranovsky, and others.]
Remainder of title questions and answers /
260 ## - PUBLICATION, DISTRIBUTION, ETC. (IMPRINT)
Place of publication, distribution, etc. Moscow :
Name of publisher, distributor, etc. Novosti Press Agency Pub. House,
Date of publication, distribution, etc. 1967
300 ## - PHYSICAL DESCRIPTION
Pagination 509 p. ;
Size 21 cm.
350 ## - PRICE (NR) (BK AM CF MU VM SE) [OBSOLETE]
Price 1.12
651 #0 - SUBJECT ADDED ENTRY--GEOGRAPHIC NAME
Geographic name Soviet Union.
9 (RLIN) 77343
700 1# - ADDED ENTRY--PERSONAL NAME
Personal name Agranovskiĭ, Ilʹi︠a︡ Isakovich,
Relator term comp.
942 ## - ADDED ENTRY ELEMENTS (KOHA)
Source of classification or shelving scheme Dewey Decimal Classification
Koha item type Books
Holdings
Lost status Source of classification or shelving scheme Damaged status Not for loan Collection code Permanent Location Current Location Shelving location Date acquired Source of acquisition Cost, normal purchase price Total Checkouts Full call number Date last seen Copy number Koha item type
  Dewey Decimal Classification   Added to bundle Non-fiction Central Library, University of Rajshahi Central Library, University of Rajshahi Reading Room 24/09/1992 N/A 0.00   914.7003 USS 1967 16/03/2014 C-1 Books
  Dewey Decimal Classification     Non-fiction Central Library, University of Rajshahi Central Library, University of Rajshahi   05/11/1990 Shawkat Osman 0.00   914.7003 USS 1967 16/03/2014 C-2 Books